00349 a2200109 450000500170000002000180001708200120003510000200004724500860006726000450015330000410019820250505124646.0 a0-4000-4477-4 a823 NAR aNARAYAN, R. K.  aMr Sampath: The Printer of Malgudi, the Financial Expert, Waiting for the Mahatma aNew York, bEveryman's Library, c2006.  axxxviii, 578p. bGlossary, c22cm.